Utraecht Law Review (Record no. 241482)
[ view plain ]
| 000 -LEADER | |
|---|---|
| fixed length control field | 01150nam a22001697a 4500 |
| 003 - CONTROL NUMBER IDENTIFIER | |
| control field | OSt |
| 005 - DATE AND TIME OF LATEST TRANSACTION | |
| control field | 20260521112041.0 |
| 008 - FIXED-LENGTH DATA ELEMENTS--GENERAL INFORMATION | |
| fixed length control field | 260521b |||||||| |||| 00| 0 eng d |
| 022 ## - INTERNATIONAL STANDARD SERIAL NUMBER | |
| International Standard Serial Number | 1871-515X |
| 040 ## - CATALOGING SOURCE | |
| Transcribing agency | DDC |
| 041 ## - LANGUAGE CODE | |
| Language code of original | English |
| 245 ## - TITLE STATEMENT | |
| Title | Utraecht Law Review |
| 260 ## - PUBLICATION, DISTRIBUTION, ETC. | |
| Place of publication, distribution, etc. | Utrecht |
| Name of publisher, distributor, etc. | Utrecht University School of Law |
| 500 ## - GENERAL NOTE | |
| General note | The Utrecht Law Review is an open access, peer-reviewed journal which aims to offer an international academic platform for multidimensional legal research, i.e., research in which authors cross the boundaries of their own legal system or field. Authors may do so by conducting cross-country comparative legal research, connecting one legal field with another (e.g., private law with criminal law), or enriching legal analysis through reliance on disciplines other than law (e.g., philosophy, economics, political science, public administration, technology studies). Authors should make sure that the law occupies a central position in their analysis. The journal was established in 2005 and is affiliated to the Utrecht University School of Law |
| 856 ## - ELECTRONIC LOCATION AND ACCESS | |
| Uniform Resource Identifier | <a href="https://utrechtlawreview.org/">https://utrechtlawreview.org/</a> |
| 942 ## - ADDED ENTRY ELEMENTS (KOHA) | |
| Source of classification or shelving scheme | Dewey Decimal Classification |
| Koha item type | Periodicals |
No items available.